[Event "ABC-4 2025 Groep B"]
[Site "Utrecht"]
[Date "2025.03.15"]
[Round "1.1"]
[White "Kshirsagar, Pranav"]
[Black "Frederiks, Jesse"]
[Result "1/2-1/2"]
[WhiteFideId "8887615"]
[BlackFideId "8829810"]
[WhiteElo "2161"]
[BlackElo "1887"]

1. d4 {[%clk 00:55:17]} {[%emt 00:00:01]} Nf6 {[%clk 00:55:05]} {[%emt
00:00:15]} 2. c4 {[%clk 00:55:23]} {[%emt 00:00:05]} e6 {[%clk 00:52:52]}
{[%emt 00:02:23]} 3. Nf3 {[%clk 00:55:26]} {[%emt 00:00:06]} b6 {[%clk
00:52:49]} {[%emt 00:00:13]} 4. g3 {[%clk 00:55:30]} {[%emt 00:00:07]} Bb7
{[%clk 00:52:41]} {[%emt 00:00:18]} 5. Bg2 {[%clk 00:55:27]} {[%emt 00:00:13]}
Be7 {[%clk 00:52:19]} {[%emt 00:00:32]} 6. O-O {[%clk 00:54:27]} {[%emt
00:01:10]} O-O {[%clk 00:51:33]} {[%emt 00:00:56]} 7. Nc3 {[%clk 00:52:34]}
{[%emt 00:02:04]} d5 {[%clk 00:49:00]} {[%emt 00:02:42]} 8. Ne5 {[%clk
00:48:19]} {[%emt 00:04:25]} Nbd7 {[%clk 00:44:55]} {[%emt 00:04:14]} 9. Bf4
{[%clk 00:45:58]} {[%emt 00:02:32]} c5 {[%clk 00:29:34]} {[%emt 00:15:31]} 10.
e3 {[%clk 00:39:47]} {[%emt 00:06:20]} Ne4 {[%clk 00:23:23]} {[%emt 00:06:21]}
11. Nxe4 {[%clk 00:34:44]} {[%emt 00:05:13]} dxe4 {[%clk 00:22:14]} {[%emt
00:01:19]} 12. Nxd7 {[%clk 00:33:50]} {[%emt 00:01:04]} Qxd7 {[%clk 00:22:15]}
{[%emt 00:00:07]} 13. dxc5 {[%clk 00:33:46]} {[%emt 00:00:15]} Qxd1 {[%clk
00:22:04]} {[%emt 00:00:21]} 14. Rfxd1 {[%clk 00:33:19]} {[%emt 00:00:38]} Bxc5
{[%clk 00:21:59]} {[%emt 00:00:13]} 15. Rd7 {[%clk 00:19:58]} {[%emt 00:13:33]}
Bc6 {[%clk 00:21:21]} {[%emt 00:00:47]} 16. Rc7 {[%clk 00:19:45]} {[%emt
00:00:24]} Rac8 {[%clk 00:18:44]} {[%emt 00:02:47]} 17. Rd1 {[%clk 00:18:44]}
{[%emt 00:01:11]} Rxc7 {[%clk 00:18:06]} {[%emt 00:00:49]} 18. Bxc7 {[%clk
00:18:47]} {[%emt 00:00:07]} Rc8 {[%clk 00:17:19]} {[%emt 00:00:55]} 19. Be5
{[%clk 00:15:51]} {[%emt 00:03:06]} Kf8 {[%clk 00:15:51]} {[%emt 00:01:38]} 20.
Bd4 {[%clk 00:11:04]} {[%emt 00:04:58]} f6 {[%clk 00:14:19]} {[%emt 00:01:42]}
21. a3 {[%clk 00:08:36]} {[%emt 00:02:38]} Be7 {[%clk 00:08:16]} {[%emt
00:06:11]} 22. b4 {[%clk 00:05:53]} {[%emt 00:02:54]} Rd8 {[%clk 00:07:39]}
{[%emt 00:00:48]} 23. Rd2 {[%clk 00:04:33]} {[%emt 00:01:30]} Kf7 {[%clk
00:06:10]} {[%emt 00:01:38]} 24. Kf1 {[%clk 00:03:07]} {[%emt 00:01:36]} e5
{[%clk 00:04:51]} {[%emt 00:01:30]} 25. Bc3 {[%clk 00:03:03]} {[%emt 00:00:15]}
Rxd2 {[%clk 00:04:48]} {[%emt 00:00:12]} 26. Bxd2 {[%clk 00:03:09]} {[%emt
00:00:04]} Ke6 {[%clk 00:03:52]} {[%emt 00:01:06]} 27. Ke1 {[%clk 00:01:46]}
{[%emt 00:01:33]} f5 {[%clk 00:03:16]} {[%emt 00:00:45]} 28. Bc3 {[%clk
00:01:16]} {[%emt 00:00:40]} b5 {[%clk 00:02:27]} {[%emt 00:00:58]} 29. Bf1
{[%clk 00:00:47]} {[%emt 00:00:40]} a6 {[%clk 00:02:12]} {[%emt 00:00:25]} 30.
Kd2 {[%clk 00:00:47]} {[%emt 00:00:11]} Bd6 {[%clk 00:01:28]} {[%emt 00:00:53]}
31. Be2 {[%clk 00:00:39]} {[%emt 00:00:19]} g6 {[%clk 00:01:18]} {[%emt
00:00:20]} 32. Bb2 {[%clk 00:00:38]} {[%emt 00:00:11]} Bc7 {[%clk 00:01:06]}
{[%emt 00:00:21]} 33. Kc2 {[%clk 00:00:35]} {[%emt 00:00:12]} h6 {[%clk
00:00:51]} {[%emt 00:00:25]} 34. h4 {[%clk 00:00:36]} {[%emt 00:00:09]} Kd6
{[%clk 00:00:37]} {[%emt 00:00:25]} 35. Kc3 {[%clk 00:00:23]} {[%emt 00:00:22]}
Ke6 {[%clk 00:00:39]} {[%emt 00:00:08]} 36. Bd1 {[%clk 00:00:23]} {[%emt
00:00:10]} Kd6 {[%clk 00:00:24]} {[%emt 00:00:25]} 37. Bb3 {[%clk 00:00:25]}
{[%emt 00:00:08]} g5 {[%clk 00:00:22]} {[%emt 00:00:12]} 38. hxg5 {[%clk
00:00:28]} {[%emt 00:00:07]} hxg5 {[%clk 00:00:31]} {[%emt 00:00:02]} 39. Bd1
{[%clk 00:00:24]} {[%emt 00:00:14]} Be8 {[%clk 00:00:20]} {[%emt 00:00:21]} 40.
Bc2 {[%clk 00:00:28]} {[%emt 00:00:06]} Bc6 {[%clk 00:00:26]} {[%emt 00:00:04]}
41. Bd1 {[%clk 00:00:30]} {[%emt 00:00:08]} Be8 {[%clk 00:00:35]} 42. Be2
{[%clk 00:00:38]} {[%emt 00:00:02]} Bb8 {[%clk 00:00:18]} {[%emt 00:00:27]} 43.
a4 {[%clk 00:00:45]} {[%emt 00:00:03]} bxc4 {[%clk 00:00:19]} {[%emt 00:00:09]}
44. a5 {[%clk 00:00:38]} {[%emt 00:00:17]} Bb5 {[%clk 00:00:19]} {[%emt
00:00:09]} 45. Bxc4 {[%clk 00:00:45]} {[%emt 00:00:03]} Bxc4 {[%clk 00:00:28]}
{[%emt 00:00:02]} 46. Kxc4 {[%clk 00:00:54]} Kc6 {[%clk 00:00:36]} {[%emt
00:00:01]} 47. Bc3 {[%clk 00:00:58]} {[%emt 00:00:06]} Bc7 {[%clk 00:00:44]}
{[%emt 00:00:03]} 48. Bd2 {[%clk 00:00:32]} {[%emt 00:00:35]} Bb8 {[%clk
00:00:50]} {[%emt 00:00:04]} 49. Bc1 {[%clk 00:00:38]} {[%emt 00:00:05]} Bc7
{[%clk 00:00:52]} {[%emt 00:00:07]} 50. Ba3 {[%clk 00:00:46]} {[%emt 00:00:01]}
Bd6 {[%clk 00:00:49]} {[%emt 00:00:14]} 51. Bb2 {[%clk 00:00:26]} {[%emt
00:00:30]} Bb8 {[%clk 00:00:56]} {[%emt 00:00:03]} 52. Bc3 {[%clk 00:00:35]}
{[%emt 00:00:01]} Bc7 {[%clk 00:01:05]} {[%emt 00:00:01]} 53. Bd2 {[%clk
00:00:32]} {[%emt 00:00:13]} Bb8 {[%clk 00:01:11]} {[%emt 00:00:04]} 1/2-1/2

[Event "ABC-4 2025 Groep B"]
[Site "Utrecht"]
[Date "2025.03.15"]
[Round "1.3"]
[White "Ten Kate, Gustav"]
[Black "Van Haaften, Jelle"]
[Result "0-1"]
[WhiteFideId "8873337"]
[BlackFideId "8687283"]
[WhiteElo "2092"]
[BlackElo "1843"]

1. e4 {[%clk 00:55:17]} {[%emt 00:00:02]} c6 {[%emt 00:00:09]} 2. d4 {[%clk
00:55:22]} d5 {[%clk 00:55:22]} {[%emt 00:00:05]} 3. f3 {[%clk 00:55:27]}
{[%emt 00:00:04]} dxe4 {[%clk 00:55:26]} {[%emt 00:00:06]} 4. fxe4 {[%clk
00:55:34]} {[%emt 00:00:04]} e5 {[%clk 00:55:30]} {[%emt 00:00:04]} 5. Nf3
{[%clk 00:55:39]} {[%emt 00:00:05]} Bg4 {[%clk 00:55:35]} {[%emt 00:00:05]} 6.
Bc4 {[%clk 00:55:45]} {[%emt 00:00:05]} Nd7 {[%clk 00:55:40]} {[%emt 00:00:05]}
7. O-O {[%clk 00:55:28]} {[%emt 00:00:27]} Ngf6 {[%clk 00:55:38]} {[%emt
00:00:12]} 8. c3 {[%clk 00:55:17]} {[%emt 00:00:21]} Bd6 {[%clk 00:54:11]}
{[%emt 00:01:35]} 9. Bg5 {[%clk 00:55:19]} {[%emt 00:00:09]} O-O {[%clk
00:53:52]} {[%emt 00:00:29]} 10. Nbd2 {[%clk 00:55:20]} {[%emt 00:00:08]} Qc7
{[%clk 00:52:43]} {[%emt 00:01:20]} 11. Qe1 {[%clk 00:54:50]} {[%emt 00:00:40]}
Rae8 {[%clk 00:50:09]} {[%emt 00:02:44]} 12. Bd3 {[%clk 00:52:12]} {[%emt
00:02:48]} b5 {[%clk 00:45:16]} {[%emt 00:05:04]} 13. Rc1 {[%clk 00:51:12]}
{[%emt 00:01:09]} Qb6 {[%clk 00:42:02]} {[%emt 00:03:24]} 14. Kh1 {[%clk
00:49:50]} {[%emt 00:01:32]} a5 {[%clk 00:39:26]} {[%emt 00:02:46]} 15. Bb1
{[%clk 00:46:06]} {[%emt 00:03:54]} Bh5 {[%clk 00:35:45]} {[%emt 00:03:51]} 16.
Be3 {[%clk 00:33:15]} {[%emt 00:13:01]} Qc7 {[%clk 00:32:00]} {[%emt 00:03:55]}
17. Bg1 {[%clk 00:30:03]} {[%emt 00:03:20]} Bg6 {[%clk 00:27:05]} {[%emt
00:05:05]} 18. Nh4 {[%clk 00:29:04]} {[%emt 00:01:10]} Nh5 {[%clk 00:23:49]}
{[%emt 00:03:26]} 19. Ndf3 {[%clk 00:25:37]} {[%emt 00:03:37]} exd4 {[%clk
00:21:01]} {[%emt 00:02:58]} 20. cxd4 {[%clk 00:24:23]} {[%emt 00:01:24]} Bg3
{[%clk 00:19:14]} {[%emt 00:01:56]} 21. Bf2 {[%clk 00:23:30]} {[%emt 00:01:03]}
Bxf2 {[%clk 00:18:34]} {[%emt 00:00:50]} 22. Rxf2 {[%clk 00:22:57]} {[%emt
00:00:43]} Ndf6 {[%clk 00:16:50]} {[%emt 00:01:55]} 23. Nxg6 {[%clk 00:22:40]}
{[%emt 00:00:27]} fxg6 {[%clk 00:16:35]} {[%emt 00:00:25]} 24. Ne5 {[%clk
00:21:13]} {[%emt 00:01:37]} Qd6 {[%clk 00:14:15]} {[%emt 00:02:30]} 25. Qe3
{[%clk 00:16:36]} {[%emt 00:04:46]} c5 {[%clk 00:12:11]} {[%emt 00:02:14]} 26.
Rxc5 {[%clk 00:15:22]} {[%emt 00:01:24]} Rxe5 {[%clk 00:04:04]} {[%emt
00:08:16]} 27. Rxe5 {[%clk 00:15:28]} {[%emt 00:00:05]} Ng4 {[%clk 00:04:11]}
{[%emt 00:00:04]} 28. Rxf8+ {[%clk 00:11:53]} {[%emt 00:03:44]} Qxf8 {[%clk
00:04:12]} {[%emt 00:00:09]} 29. Qf3 {[%clk 00:09:41]} {[%emt 00:02:23]} Nxe5
{[%clk 00:04:19]} {[%emt 00:00:03]} 30. Qxf8+ {[%clk 00:07:12]} {[%emt
00:02:39]} Kxf8 {[%clk 00:04:27]} {[%emt 00:00:01]} 31. dxe5 {[%clk 00:07:15]}
{[%emt 00:00:07]} Ke7 {[%clk 00:04:09]} {[%emt 00:00:28]} 32. Bd3 {[%clk
00:07:10]} {[%emt 00:00:16]} Ke6 {[%clk 00:03:03]} {[%emt 00:01:16]} 33. Bxb5
{[%clk 00:06:50]} {[%emt 00:00:30]} Kxe5 {[%clk 00:03:11]} {[%emt 00:00:01]} 34.
Bc6 {[%clk 00:05:38]} {[%emt 00:01:22]} Nf6 {[%clk 00:02:19]} {[%emt 00:01:02]}
35. Kg1 {[%clk 00:04:23]} {[%emt 00:01:24]} Nxe4 {[%clk 00:01:45]} {[%emt
00:00:45]} 36. Kf1 {[%clk 00:03:42]} {[%emt 00:00:51]} Nf6 {[%clk 00:00:12]}
{[%emt 00:01:44]} 37. Ke2 {[%clk 00:03:25]} {[%emt 00:00:27]} Kd4 {[%clk
00:00:15]} {[%emt 00:00:07]} 38. Bf3 {[%clk 00:02:56]} {[%emt 00:00:39]} g5
{[%clk 00:00:22]} {[%emt 00:00:03]} 39. Bb7 {[%clk 00:02:48]} {[%emt 00:00:18]}
h5 {[%clk 00:00:19]} {[%emt 00:00:13]} 40. h3 {[%clk 00:02:49]} {[%emt
00:00:09]} g4 {[%clk 00:00:11]} {[%emt 00:00:18]} 41. Bc8 {[%clk 00:02:50]}
{[%emt 00:00:08]} gxh3 {[%clk 00:00:19]} {[%emt 00:00:02]} 42. Bxh3 {[%clk
00:02:41]} {[%emt 00:00:19]} g5 {[%clk 00:00:20]} {[%emt 00:00:09]} 43. Be6
{[%clk 00:02:46]} {[%emt 00:00:05]} Ne4 {[%clk 00:00:25]} {[%emt 00:00:06]} 44.
a3 {[%clk 00:02:39]} {[%emt 00:00:17]} Nc5 {[%clk 00:00:17]} {[%emt 00:00:18]}
45. Bf7 {[%clk 00:02:43]} {[%emt 00:00:06]} Nd3 {[%clk 00:00:20]} {[%emt
00:00:08]} 46. Bxh5 {[%clk 00:01:42]} {[%emt 00:01:10]} Nf4+ {[%clk 00:00:29]}
{[%emt 00:00:01]} 47. Kf3 {[%clk 00:01:50]} {[%emt 00:00:02]} Nxh5 {[%clk
00:00:36]} {[%emt 00:00:03]} 48. Kg4 {[%clk 00:01:55]} {[%emt 00:00:06]} Ng7
{[%clk 00:00:39]} {[%emt 00:00:06]} 49. Kxg5 {[%clk 00:01:56]} {[%emt
00:00:09]} Kc4 {[%clk 00:00:47]} {[%emt 00:00:02]} 50. Kf6 {[%clk 00:02:03]}
{[%emt 00:00:04]} Nh5+ {[%emt 00:00:03]} 51. Kg5 {[%clk 00:02:08]} {[%emt
00:00:03]} Ng7 {[%clk 00:00:42]} {[%emt 00:00:23]} 52. Kf6 {[%clk 00:02:14]}
{[%emt 00:00:05]} Nh5+ {[%clk 00:00:33]} {[%emt 00:00:19]} 53. Kg5 {[%clk
00:02:21]} {[%emt 00:00:03]} Ng3 {[%clk 00:00:42]} {[%emt 00:00:01]} 54. Kf4
{[%clk 00:02:22]} {[%emt 00:00:09]} Ne2 {[%emt 00:00:07]} 55. Ke3 {[%clk
00:02:31]} Nd4 {[%clk 00:00:50]} {[%emt 00:00:05]} 56. b4 {[%clk 00:02:32]}
{[%emt 00:00:10]} a4 {[%clk 00:00:49]} {[%emt 00:00:11]} 57. g4 {[%clk
00:02:38]} {[%emt 00:00:04]} Ne6 {[%clk 00:00:54]} {[%emt 00:00:06]} 58. Ke4
{[%clk 00:01:49]} {[%emt 00:00:58]} Kb3 {[%clk 00:00:49]} {[%emt 00:00:15]} 59.
Ke5 {[%clk 00:01:53]} {[%emt 00:00:06]} Kxa3 {[%clk 00:00:52]} {[%emt
00:00:07]} 60. Kxe6 {[%clk 00:02:00]} {[%emt 00:00:03]} Kxb4 {[%clk 00:01:01]}
{[%emt 00:00:01]} 61. g5 {[%clk 00:02:09]} a3 {[%clk 00:01:10]} {[%emt
00:00:01]} 62. g6 {[%clk 00:02:19]} a2 {[%clk 00:01:19]} {[%emt 00:00:01]} 63.
g7 {[%clk 00:02:20]} {[%emt 00:00:09]} a1=Q {[%clk 00:01:27]} {[%emt 00:00:02]}
64. Kf7 {[%clk 00:02:29]} {[%emt 00:00:02]} Qf1+ {[%clk 00:01:33]} {[%emt
00:00:04]} 65. Kg6 {[%clk 00:02:38]} {[%emt 00:00:01]} Qg2+ {[%clk 00:01:41]}
{[%emt 00:00:01]} 66. Kf7 {[%clk 00:02:47]} {[%emt 00:00:01]} Qf3+ {[%clk
00:01:50]} {[%emt 00:00:01]} 67. Kg6 {[%clk 00:02:57]} Qg4+ {[%clk 00:01:59]}
68. Kf6 {[%clk 00:03:06]} Kc5 {[%clk 00:02:06]} {[%emt 00:00:03]} 69. Kf7
{[%clk 00:03:16]} Qf5+ {[%clk 00:02:13]} {[%emt 00:00:03]} 70. Ke7 {[%clk
00:03:25]} Qg6 {[%emt 00:00:05]} 71. Kf8 {[%clk 00:03:34]} Qf6+ {[%clk
00:02:28]} 72. Kg8 {[%clk 00:03:44]} Kd6 {[%clk 00:02:37]} {[%emt 00:00:01]} 73.
Kh7 {[%clk 00:03:52]} {[%emt 00:00:01]} Qh4+ {[%clk 00:02:42]} {[%emt
00:00:04]} 74. Kg6 {[%clk 00:04:01]} {[%emt 00:00:01]} Qg4 {[%clk 00:02:51]}
{[%emt 00:00:01]} 75. Kh7 {[%clk 00:04:11]} Qh5+ {[%clk 00:02:50]} {[%emt
00:00:11]} 76. Kg8 {[%emt 00:00:02]} Ke6 {[%emt 00:00:09]} 0-1

[Event "ABC-4 2025 Groep B"]
[Site "Utrecht"]
[Date "2025.03.15"]
[Round "1.4"]
[White "Kimenai, Casper"]
[Black "Teianu, Maxim"]
[Result "0-1"]
[WhiteFideId "8788142"]
[BlackFideId "8926093"]
[WhiteElo "1731"]
[BlackElo "1986"]

1. d4 {[%clk 00:55:17]} {[%emt 00:00:02]} e6 {[%clk 00:55:13]} {[%emt
00:00:07]} 2. Nf3 {[%clk 00:55:20]} {[%emt 00:00:07]} f5 {[%clk 00:55:15]}
{[%emt 00:00:08]} 3. e3 {[%clk 00:55:09]} {[%emt 00:00:21]} Nf6 {[%clk
00:55:13]} {[%emt 00:00:12]} 4. Bd3 {[%clk 00:54:43]} {[%emt 00:00:36]} b6
{[%clk 00:55:08]} {[%emt 00:00:15]} 5. Nbd2 {[%clk 00:53:12]} {[%emt 00:01:41]}
Bb7 {[%clk 00:55:07]} {[%emt 00:00:11]} 6. b3 {[%clk 00:52:36]} {[%emt
00:00:47]} Bd6 {[%clk 00:53:44]} {[%emt 00:01:31]} 7. Bb2 {[%emt 00:01:35]} O-O
{[%clk 00:53:26]} {[%emt 00:00:01]} 8. O-O {[%clk 00:49:22]} {[%emt 00:02:27]}
Na6 {[%clk 00:51:18]} {[%emt 00:02:19]} 9. a3 {[%clk 00:48:16]} {[%emt
00:01:16]} Nb8 {[%clk 00:49:26]} {[%emt 00:02:01]} 10. Qe2 {[%clk 00:42:54]}
{[%emt 00:05:32]} Ne4 {[%clk 00:48:10]} {[%emt 00:01:25]} 11. Rfd1 {[%clk
00:38:23]} {[%emt 00:04:41]} Qe8 {[%clk 00:45:22]} {[%emt 00:02:58]} 12. Bxe4
{[%clk 00:34:33]} {[%emt 00:04:00]} fxe4 {[%clk 00:45:11]} {[%emt 00:00:21]} 13.
Ne5 {[%clk 00:33:31]} {[%emt 00:01:12]} Be7 {[%clk 00:43:27]} {[%emt 00:01:54]}
14. Qg4 {[%clk 00:30:35]} {[%emt 00:03:06]} Rf5 {[%emt 00:13:36]} 15. Nxe4
{[%clk 00:27:43]} {[%emt 00:00:01]} d6 {[%clk 00:32:15]} {[%emt 00:00:57]} 16.
Nf3 {[%clk 00:24:56]} {[%emt 00:02:57]} h5 {[%clk 00:31:52]} {[%emt 00:00:32]}
17. Nxd6 {[%clk 00:16:57]} {[%emt 00:08:10]} cxd6 {[%clk 00:30:48]} {[%emt
00:01:14]} 18. Qh3 {[%clk 00:14:40]} {[%emt 00:02:27]} Qf7 {[%clk 00:30:07]}
{[%emt 00:00:50]} 19. Rd2 {[%clk 00:11:35]} {[%emt 00:03:16]} Bxf3 {[%clk
00:28:24]} {[%emt 00:01:53]} 20. gxf3 {[%clk 00:11:36]} {[%emt 00:00:09]} Rxf3
{[%clk 00:28:27]} {[%emt 00:00:07]} 21. Qg2 {[%clk 00:11:24]} {[%emt 00:00:23]}
Nd7 {[%clk 00:28:11]} {[%emt 00:00:26]} 22. Kf1 {[%clk 00:06:57]} {[%emt
00:04:36]} Rf8 {[%clk 00:27:33]} {[%emt 00:00:48]} 23. Re1 {[%clk 00:06:13]}
{[%emt 00:00:54]} Bh4 {[%clk 00:27:10]} {[%emt 00:00:33]} 24. Ree2 {[%clk
00:06:17]} {[%emt 00:00:06]} Qf6 {[%clk 00:26:17]} {[%emt 00:01:03]} 25. c4
{[%clk 00:04:53]} {[%emt 00:01:34]} Qg5 {[%clk 00:26:05]} {[%emt 00:00:22]} 26.
Qxg5 {[%clk 00:03:49]} {[%emt 00:01:14]} Bxg5 {[%clk 00:26:10]} {[%emt
00:00:05]} 27. Kg1 {[%clk 00:02:25]} {[%emt 00:01:34]} Nf6 {[%clk 00:25:52]}
{[%emt 00:00:28]} 28. Rc2 {[%clk 00:01:06]} {[%emt 00:01:28]} Ne4 {[%clk
00:24:58]} {[%emt 00:01:04]} 29. Bc3 {[%clk 00:01:15]} {[%emt 00:00:01]} h4
{[%clk 00:23:06]} {[%emt 00:02:02]} 30. Be1 {[%clk 00:00:40]} {[%emt 00:00:45]}
h3 {[%clk 00:23:06]} {[%emt 00:00:11]} 31. b4 {[%clk 00:00:37]} {[%emt
00:00:13]} Be7 {[%clk 00:21:16]} {[%emt 00:02:00]} 32. a4 {[%clk 00:00:29]}
{[%emt 00:00:18]} Ng5 {[%clk 00:20:41]} {[%emt 00:00:44]} 33. c5 {[%clk
00:00:20]} {[%emt 00:00:20]} bxc5 {[%clk 00:19:30]} {[%emt 00:01:21]} 34. dxc5
{[%clk 00:00:24]} {[%emt 00:00:05]} dxc5 {[%clk 00:19:36]} {[%emt 00:00:05]} 35.
bxc5 {[%clk 00:00:30]} {[%emt 00:00:04]} R3f5 {[%clk 00:19:39]} {[%emt
00:00:06]} 36. f4 {[%clk 00:00:16]} {[%emt 00:00:25]} Nf3+ {[%clk 00:19:39]}
{[%emt 00:00:10]} 37. Kf2 {[%clk 00:00:21]} {[%emt 00:00:05]} Nxe1 {[%clk
00:19:20]} {[%emt 00:00:30]} 38. Rxe1 {[%clk 00:00:28]} {[%emt 00:00:02]} Bh4+
{[%clk 00:19:16]} {[%emt 00:00:14]} 39. Ke2 {[%clk 00:00:32]} {[%emt 00:00:06]}
Bxe1 {[%clk 00:19:20]} {[%emt 00:00:06]} 40. Kxe1 {[%clk 00:00:41]} Rc8 {[%clk
00:19:15]} {[%emt 00:00:15]} 0-1

[Event "ABC-4 2025 Groep B"]
[Site "Utrecht"]
[Date "2025.03.15"]
[Round "1.5"]
[White "De Wit, Evan"]
[Black "Jorritsma, Eli Alia"]
[Result "1-0"]
[WhiteFideId "8935949"]
[BlackFideId "8728214"]
[WhiteElo "2049"]
[BlackElo "1780"]

1. e4 {[%clk 00:55:16]} {[%emt 00:00:02]} g6 {[%clk 00:55:17]} {[%emt
00:00:05]} 2. d4 {[%clk 00:55:21]} {[%emt 00:00:06]} Bg7 {[%clk 00:55:23]}
{[%emt 00:00:04]} 3. Nc3 {[%clk 00:55:23]} {[%emt 00:00:07]} d6 {[%clk
00:55:25]} {[%emt 00:00:09]} 4. Be2 {[%clk 00:55:18]} {[%emt 00:00:14]} a6
{[%clk 00:55:14]} {[%emt 00:00:23]} 5. h4 {[%clk 00:55:22]} {[%emt 00:00:05]}
h6 {[%clk 00:54:34]} {[%emt 00:00:50]} 6. h5 {[%clk 00:54:54]} {[%emt
00:00:39]} g5 {[%clk 00:54:30]} {[%emt 00:00:14]} 7. f4 {[%clk 00:54:56]}
{[%emt 00:00:08]} gxf4 {[%clk 00:50:47]} {[%emt 00:03:52]} 8. Bxf4 {[%clk
00:54:54]} {[%emt 00:00:12]} e5 {[%clk 00:48:11]} {[%emt 00:02:46]} 9. Be3
{[%clk 00:54:43]} {[%emt 00:00:20]} Ne7 {[%clk 00:45:24]} {[%emt 00:02:57]} 10.
g4 {[%clk 00:53:27]} {[%emt 00:01:26]} Nbc6 {[%clk 00:42:41]} {[%emt 00:02:54]}
11. d5 {[%clk 00:52:41]} {[%emt 00:00:56]} Nd4 {[%clk 00:42:17]} {[%emt
00:00:34]} 12. Qd2 {[%clk 00:52:09]} {[%emt 00:00:41]} Nxe2 {[%clk 00:34:45]}
{[%emt 00:07:43]} 13. Qxe2 {[%clk 00:52:04]} {[%emt 00:00:14]} Bd7 {[%clk
00:33:52]} {[%emt 00:01:03]} 14. g5 {[%clk 00:51:11]} {[%emt 00:01:03]} Ng8
{[%clk 00:26:04]} {[%emt 00:07:58]} 15. Qg2 {[%clk 00:48:45]} {[%emt 00:02:35]}
hxg5 {[%clk 00:20:58]} {[%emt 00:05:18]} 16. Bxg5 {[%clk 00:48:15]} {[%emt
00:00:38]} f6 {[%clk 00:20:19]} {[%emt 00:00:50]} 17. Be3 {[%clk 00:46:31]}
{[%emt 00:01:54]} Qe7 {[%clk 00:20:21]} {[%emt 00:00:09]} 18. h6 {[%clk
00:42:17]} {[%emt 00:04:23]} Bf8 {[%clk 00:16:07]} {[%emt 00:04:23]} 19. h7
{[%clk 00:42:09]} {[%emt 00:00:19]} Rxh7 {[%clk 00:15:02]} {[%emt 00:01:16]} 20.
Qg6+ {[%clk 00:42:08]} {[%emt 00:00:11]} Qf7 {[%clk 00:15:05]} {[%emt
00:00:07]} 21. Qxh7 {[%clk 00:42:10]} {[%emt 00:00:08]} 1-0

[Event "ABC-4 2025 Groep B"]
[Site "Utrecht"]
[Date "2025.03.15"]
[Round "1.6"]
[White "Zeenni, Joseph"]
[Black "Woldhuis, Marnik"]
[Result "0-1"]
[WhiteFideId "8971369"]
[BlackFideId "8820218"]
[WhiteElo "1813"]
[BlackElo "1961"]

1. e4 {[%clk 00:55:17]} {[%emt 00:00:01]} d5 {[%clk 00:55:15]} {[%emt
00:00:05]} 2. exd5 {[%clk 00:55:13]} {[%emt 00:00:15]} Qxd5 {[%clk 00:55:21]}
{[%emt 00:00:05]} 3. Nf3 {[%clk 00:54:47]} {[%emt 00:00:35]} Nf6 {[%clk
00:55:25]} {[%emt 00:00:06]} 4. Nc3 {[%clk 00:54:49]} {[%emt 00:00:07]} Qa5
{[%clk 00:55:31]} {[%emt 00:00:05]} 5. Bc4 {[%clk 00:54:23]} {[%emt 00:00:36]}
Bg4 {[%clk 00:55:05]} {[%emt 00:00:36]} 6. h3 {[%clk 00:54:03]} {[%emt
00:00:31]} Bh5 {[%clk 00:55:07]} {[%emt 00:00:08]} 7. d3 {[%clk 00:53:44]}
{[%emt 00:00:29]} Nc6 {[%clk 00:54:41]} {[%emt 00:00:36]} 8. Be3 {[%clk
00:52:44]} {[%emt 00:01:10]} Ne5 {[%clk 00:52:49]} {[%emt 00:02:02]} 9. Bb3
{[%clk 00:49:40]} {[%emt 00:03:14]} Nxf3+ {[%clk 00:52:25]} {[%emt 00:00:34]}
10. gxf3 {[%clk 00:49:40]} {[%emt 00:00:10]} Qf5 {[%clk 00:52:14]} {[%emt
00:00:20]} 11. Ne2 {[%clk 00:35:20]} {[%emt 00:14:30]} Qxf3 {[%clk 00:49:53]}
{[%emt 00:02:31]} 12. Rg1 {[%clk 00:34:59]} {[%emt 00:00:31]} O-O-O {[%clk
00:49:12]} {[%emt 00:00:51]} 13. Rg3 {[%clk 00:30:59]} {[%emt 00:04:10]} Qh1+
{[%clk 00:48:53]} {[%emt 00:00:29]} 14. Rg1 {[%clk 00:31:02]} {[%emt 00:00:06]}
Qxg1+ {[%clk 00:48:43]} {[%emt 00:00:20]} 15. Nxg1 {[%clk 00:30:34]} {[%emt
00:00:39]} Bxd1 {[%clk 00:48:47]} {[%emt 00:00:06]} 16. Rxd1 {[%clk 00:30:34]}
{[%emt 00:00:11]} e6 {[%clk 00:48:46]} {[%emt 00:00:11]} 17. Nf3 {[%clk
00:30:11]} {[%emt 00:00:34]} Nd5 {[%emt 00:01:52]} 18. Ne5 {[%clk 00:28:58]}
Bb4+ {[%clk 00:48:15]} {[%emt 00:00:22]} 19. c3 {[%clk 00:27:56]} {[%emt
00:01:11]} Nxc3 {[%clk 00:48:16]} {[%emt 00:00:09]} 20. Nxf7 {[%clk 00:26:33]}
{[%emt 00:01:33]} Nxd1+ {[%clk 00:48:16]} {[%emt 00:00:09]} 21. Kxd1 {[%clk
00:26:36]} {[%emt 00:00:07]} Rxd3+ {[%clk 00:48:12]} {[%emt 00:00:13]} 22. Ke2
{[%clk 00:26:40]} {[%emt 00:00:07]} Rxb3 {[%clk 00:47:51]} {[%emt 00:00:31]} 23.
axb3 {[%clk 00:26:01]} {[%emt 00:00:50]} Re8 {[%clk 00:47:42]} {[%emt
00:00:19]} 24. Ne5 {[%clk 00:24:22]} {[%emt 00:01:50]} a6 {[%clk 00:45:13]}
{[%emt 00:02:39]} 25. Nd3 {[%clk 00:23:50]} {[%emt 00:00:42]} Bd6 {[%clk
00:45:14]} {[%emt 00:00:08]} 0-1